| 000 | 00777cam a22002653a 4500 | ||
|---|---|---|---|
| 001 | 3484 | ||
| 003 | PGUSA | ||
| 005 | 20140828083033.0 | ||
| 008 | 021001s2002||||xxu|||||s|||||000 | eng d | ||
| 040 |
_aPGUSA _beng |
||
| 042 | _adc | ||
| 050 | 4 | _aPR | |
| 100 | 1 |
_aShaw, Bernard, _d1856-1950 |
|
| 245 | 1 | 0 |
_aO'Flaherty V.C. : _bA Recruiting Pamphlet _h[electronic resource] / _cBernard Shaw |
| 260 |
_bProject Gutenberg, _c2002 |
||
| 506 | _aPublic domain in the USA. | ||
| 516 | _aElectronic text | ||
| 653 | _aWorld War, 1914-1918 -- Veterans -- Drama | ||
| 653 | _aComedies | ||
| 653 | _aWorld War, 1914-1918 -- Ireland -- Drama | ||
| 653 | _aIreland -- Drama | ||
| 830 | 0 |
_aProject Gutenberg _v3484 |
|
| 856 | 4 | 0 | _uhttp://www.gutenberg.org/ebooks/3484 |
| 942 | _cEB | ||
| 999 |
_c232813 _d232813 |
||